Statistics for Americas Capitals #3

Click here to take the quiz!

General Stats

  • This quiz has been taken 31 times
  • The average score is 10 of 11

Answer Stats

ContinentCountryAnswer% Correct
NorthJamaicaKingston
100%
SouthUruguayMontevideo
100%
EcuadorQuito
100%
DominicaRoseau
100%
Antigua and BarbudaSaint Johns
100%
El SalvadorSan Salvador
100%
Dominican RepublicSanto Domingo
100%
BarbadosBridgetown
88%
GuyanaGeorge Town
88%
Trinidad and TobagoPort of Spain
88%
Saint Vincent and the GrenadinesKingstown
75%

Score Distribution

Percentile by Number Answered

Percent of People with Each Score

Your Score History

You have not taken this quiz